• 首页
  • 本馆介绍
  • 公告通知
  • 最新文献
  • 馆藏检索
  • 电子资源
  • 读者导购
  • 参考咨询
  • 我的图书馆
  • 登录
  • 详细信息显示
  • 放入我的书架
  • 预约/预借图书
  • 作者相关作品
  • 分类相关作品
  • 丛书相关作品
  • 出版社相关作品

书目信息

  • 表格格式
  • 工作单格式
  • 卡片格式
题名:
阳光下的无限冥想
    
 
作者: 阿黛尔 著 ;魏怡 译
分册:  
出版信息: 西安   陕西师范大学出版社  2010
页数: 262页
开本: 23cm
丛书名:
单 册:
中图分类: B842.6
科图分类:
主题词: 情绪--自我控制--通俗读物 , 情绪 , 自我控制
电子资源:
ISBN: 978-7-5613-4999-1
000 01014nam0 2200277 45
001 1138540188
005 20110419111319.57
010    @a978-7-5613-4999-1@dCNY35.00
100    @a20110409d2010 em y0chiy0110 ea
101 1  @achi@ceng
102    @aCN@b610000
105    @ay z 000yy
106    @ar
200 1  @a阳光下的无限冥想@AYang Guang Xia De Wu Xian Ming Xiang@dMeditations on everything under the sun@f(美)玛格·阿黛尔著@F( Mei ) Ma Ge· A Dai Er Zhu@g魏怡译@zeng
210    @a西安@c陕西师范大学出版社@d2010
215    @a262页@d23cm
330    @a本书向读者提供了超过160种冥想方式,让你懂得并享受从容独立的思考;让你更加智慧有效地把握自己的命运;让你更懂得协同合作,建立共同愿景。
510 1  @aMeditations on everything under the sun@zeng
606 0  @a情绪@x自我控制@j通俗读物
606 0  @a情绪
606 0  @a自我控制
690    @aB842.6@v4
701  1 @c(美)@a阿黛尔@AA Dai Er@b玛格@4著
702  0 @a魏怡@AWei Yi@4译
801  0 @aCN@bTANGWEI@c20110419
905    @b0536705-09@dB842.6@e1051@f5
    
    阳光下的无限冥想=Meditations on everything under the sun/(美)玛格·阿黛尔著/魏怡译.-西安:陕西师范大学出版社,2010
    262页;23cm
    
    
    ISBN 978-7-5613-4999-1:CNY35.00
    本书向读者提供了超过160种冥想方式,让你懂得并享受从容独立的思考;让你更加智慧有效地把握自己的命运;让你更懂得协同合作,建立共同愿景。
●
相关链接 在E读中查询图书 在五车中查询图书 在当当中查询图书 在豆瓣中查询图书


正题名:阳光下的无限冥想     索取号:B842.6/1051         预约/预借

序号 登录号 条形码 馆藏地/架位号 状态 备注
1 0536705   205367057   第一样本阅览室/ [索取号:B842.6/1051] 在馆    
2 0536706   205367066   第一借阅区/ [索取号:B842.6/1051] 在馆    
3 0536707   205367075   第一借阅区/ [索取号:B842.6/1051] 在馆    
4 0536708   205367084   第一借阅区/ [索取号:B842.6/1051] 在馆    
5 0536709   205367093   第一借阅区/ [索取号:B842.6/1051] 在馆    
唐山师范学院图书馆 欢迎您!
大连网信软件有限公司© 版权所有